Zur Gefahr der Ethnisierung und Nationalisierung kirchlicher Konkurrenzangst

Gespeichert in:  
Bibliographische Detailangaben
1. VerfasserIn: Klönne, Arno (Verfasst von)
Medienart: Druck Aufsatz
Sprache:Deutsch
Veröffentlicht: 1994
In: Das Gewalt-Dilemma
Jahr: 1994, Seiten: 294-303
Verfügbarkeit prüfen: HBZ Gateway
Schlagwörter:

MARC

LEADER 00000caa a22000002c 4500
001 1525877984
003 DE-627
005 20220604104741.0
007 tu
008 160223s1994 xx ||||| 00| ||ger c
020 |a 3518119052 
035 |a (DE-627)1525877984 
035 |a (DE-576)45587798X 
035 |a (DE-599)BSZ45587798X 
040 |a DE-627  |b ger  |c DE-627  |e rakwb 
041 |a ger 
100 1 |a Klönne, Arno  |4 aut 
245 1 0 |a Zur Gefahr der Ethnisierung und Nationalisierung kirchlicher Konkurrenzangst  |c Arno Klönne 
264 1 |c 1994 
336 |a Text  |b txt  |2 rdacontent 
337 |a ohne Hilfsmittel zu benutzen  |b n  |2 rdamedia 
338 |a Band  |b nc  |2 rdacarrier 
773 0 8 |i In  |t Das Gewalt-Dilemma  |b Erstausg.  |d Frankfurt am Main : Suhrkamp, 1994  |g (1994), Seite 294-303  |h 463 S.  |w (DE-627)211332038  |w (DE-576)040751198  |z 3518119052  |7 nnam 
773 1 8 |g year:1994  |g pages:294-303 
935 |a mkri 
951 |a AR 
ELC |b 1 
LOK |0 000 xxxxxcx a22 zn 4500 
LOK |0 001 289934465X 
LOK |0 003 DE-627 
LOK |0 004 1525877984 
LOK |0 005 20251021092712 
LOK |0 008 160208||||||||||||||||ger||||||| 
LOK |0 040   |a DE-21-110  |c DE-627  |d DE-21-110 
LOK |0 689   |a s  |a Rechtsextremismus 
LOK |0 689   |a s  |a Religion 
LOK |0 689   |a s  |a Kirchen 
LOK |0 852   |a DE-21-110 
LOK |0 852 1  |m p  |9 00 
LOK |0 935   |a k110 
LOK |0 938   |k p 
LOK |0 939   |a 08-02-16  |b l01 
ORI |a SA-MARC-krimdoka001.raw